000 00523nam a22002057a 4500
005 20251108175039.0
008 250721s2010 xx 000 0 eng d
082 1 4 _aJ/F/MCK
100 1 _aMckinnon, Kathleen
245 1 0 _aMom 's helper /
264 1 _aAmman :
_bAL- Rowad publihing,
_c2010.
300 _a8P.
490 0 _aLITTLE READER
650 1 7 _aCHILDREN
650 1 7 _aLEARNING
650 1 7 _aFICTION
653 _aاطفال مرحلة متوسطة (6-9) سنوات
942 _2ddc
_cBK
999 _c124845
_d124845